00737pam a2200241 a 4500001000500000005001700005020001500022040002300037050002000060082001000080100002600090245007300116250004000189260003500229300004600264490002900310505000800339520006600347521002000413521002000433650002300453650001900476323020250331113354.0 a0590266853 aDLCcDLCdDLCbeng00aPZ7.H672b 199600a813.61 aHoff, Sydd1912-2004.10aDanny and the dinosaur go to camp /cstory and pictures by Hoff, Syd aFirst Scolastic printing , May 1999 aNew York : bScholastc, c1996 a32 pages "bcolor illustrations ;c23 cm. a Danny and the Dinosaur  aI  aDanny and his friend the dinosaur go to summer camp together. a440 bLexile  aI bRaz-Plus  1aDinosaursxFiction 1aCampsxFiction